| 000 | 00827cam a22002531 4500 | ||
|---|---|---|---|
| 999 |
_c7001 _d7001 |
||
| 001 | 2166469 | ||
| 003 | OSt | ||
| 005 | 20181005084233.0 | ||
| 008 | 730109s1961 caua 000 0 eng | ||
| 010 | _a 61005761 | ||
| 020 | _a0486639622 | ||
| 040 |
_aDLC _cICU _dDLC |
||
| 050 | 0 | 0 |
_aQA 445 _b.B58 |
| 082 | 0 | 0 | _a513 |
| 100 | 1 | _aBlumenthal, Leonard M. | |
| 245 | 1 | 2 |
_aA modern view of geometry/ _cLeonard M. Blumenthal. |
| 260 |
_aNew York: _bW. H. Freeman, _c1961. |
||
| 300 |
_axii, 191p.: _bill.; _c21 cm. |
||
| 504 | _aIncludes index. | ||
| 650 | 0 | _aGeometry. | |
| 906 |
_a7 _bcbc _corignew _du _eocip _f19 _gy-gencatlg |
||
| 942 |
_2lcc _cBOOKS _hQA 445 .B58 1961 |
||